Statistics for Movies With Numbers as Titles

Click here to take the quiz!

General Stats

  • This quiz has been taken 1,372 times
  • The average score is 8 of 20

Answer Stats

HintAnswer% Correct
Ripped hoplites battle Persians.300
87%
Serial killer murders sinners.Se7en
80%
MIT students count cards in Vegas.21
64%
John Cusack fights Mayan calendar.2012
59%
Astronaut fights homicidal computer.2001
52%
Columbus sails the ocean blue.1492
49%
Winston Smith works for Big Brother1984
46%
Ragdoll shares soul with 8 others.9
43%
Jet Li travels the multiverse.The One
37%
Apatow film about getting old.This is 40
37%
Jackie Robinson breaks barriers.42
36%
Story of a famous New York disco.54
34%
Bo Derek is the perfect woman.10
33%
John Cusack fights scary hotel room.1408
32%
Numerology makes you crazy.Number 23
28%
Adolescent girl gets into sex and drugs.Thirteen
26%
Roger Maris vs Micky Mantle.61*
19%
Cancer patient tries to beat the odds.50/50
17%
Man plays Russian roulette for money.13
14%
Chilean miners trapped underground.The 33
13%

Score Distribution

Percentile by Number Answered

Percent of People with Each Score

Your Score History

You have not taken this quiz